00617nam a2200169Ia 450000500170000000800410001702000150005808200130007310000160008624500360010226000310013830000130016950001490018294200060033195200950033799900150043220241111233919.0240331s9999 xx 000 0 und d a9559552910 bKULa823 aKulatunga,S 4aThe High Chair and Cancer Days  aColombobPasad Booksc1997 a131 p ., a" The High Chair" which was written in 1977 was awarded the first prize in the competition held in 1977 by the English Association of Sri Lanka. cL 001040708LaWERCLbWERCLcSSCd2024-03-31l0o 823 KULp6644r2024-03-31w2024-03-31yL c5674d5674